Luis Enrique's Spain - Statistics

General Stats
  • This quiz has been taken 12 times
  • The average score is 41 of 66
Answer Stats
Rank Player Position Nationality Matches Goals Assists % Correct
38 Diego Llorente Centre-Back 6 0 0
100%
10 Jordi Alba Left-Back 22 1 10
100%
15 Marcos Llorente Right Midfield 18 0 3
100%
4 Sergio Busquets Defensive Midfield 31 0 1
100%
18 Sergio Ramos Centre-Back 15 6 0
100%
3 Unai Simón Goalkeeper 31 0 0
100%
2 Álvaro Morata Centre-Forward 32 13 3
89%
24 Daniel Carvajal Right-Back 11 0 1
89%
28 David de Gea Goalkeeper 9 0 0
89%
35 Nico Williams Left Winger 7 1 1
89%
14 Pedri Central Midfield 18 0 1
89%
5 Rodri Defensive Midfield 31 1 1
89%
12 Aymeric Laporte Centre-Back 19 1 0
78%
6 Dani Olmo Attacking Midfield 28 4 7
78%
13 Eric García Centre-Back 19 0 0
78%
29 Fabián Ruiz Central Midfield 9 0 3
78%
1 Ferran Torres Centre-Forward 35 15 2
78%
16 Gavi Central Midfield 17 3 0
78%
21 Gerard Moreno Centre-Forward 14 2 2
78%
42 Isco Attacking Midfield 4 1 2
78%
17 Marco Asensio Attacking Midfield 16 2 8
78%
48 Nacho Fernández Centre-Back 3 0 0
78%
66 Pau López Goalkeeper 1 0 0
78%
59 Abel Ruiz Centre-Forward 1 0 0
67%
46 Alejandro Balde Left-Back 4 0 0
67%
60 Héctor Bellerín Right-Back 1 0 0
67%
43 Jesús Navas Right-Back 4 0 0
67%
19 José Gayà Left-Back 14 2 2
67%
7 Koke Central Midfield 27 0 3
67%
22 Mikel Oyarzabal Centre-Forward 14 4 2
67%
8 Pablo Sarabia Right Winger 23 8 3
67%
9 Pau Torres Centre-Back 22 0 2
67%
61 Pedro Porro Right-Back 1 0 0
67%
34 Ansu Fati Left Winger 7 2 1
56%
20 Carlos Soler Central Midfield 14 4 0
56%
33 Dani Ceballos Central Midfield 7 1 1
56%
57 David Raya Goalkeeper 2 0 0
56%
44 Iago Aspas Centre-Forward 4 0 0
56%
51 Kepa Arrizabalaga Goalkeeper 3 0 0
56%
30 Marcos Alonso Left-Back 8 0 2
56%
26 Mikel Merino Central Midfield 11 0 2
56%
41 Pablo Fornals Central Midfield 5 1 1
56%
56 Robert Sánchez Goalkeeper 2 0 0
56%
37 Sergio Reguilón Left-Back 6 0 2
56%
23 Thiago Alcántara Central Midfield 12 0 1
56%
32 Adama Traoré Right Winger 8 0 0
44%
65 Borja Iglesias Centre-Forward 1 0 0
44%
11 César Azpilicueta Centre-Back 22 1 1
44%
27 Iñigo Martínez Centre-Back 10 1 1
44%
64 Marc Bartra Centre-Back 1 1 0
44%
62 Mario Hermoso Centre-Back 1 0 0
44%
53 Raúl Albiol Centre-Back 3 0 0
44%
40 Saúl Ñíguez Central Midfield 5 2 1
44%
39 Sergi Roberto Central Midfield 6 0 0
44%
47 Brais Méndez Attacking Midfield 4 1 0
33%
52 Bryan Gil Left Winger 3 0 0
33%
54 Hugo Guillamón Defensive Midfield 2 0 1
33%
58 Óscar Rodríguez Attacking Midfield 2 0 0
33%
55 Paco Alcácer Centre-Forward 2 3 0
33%
25 Rodrigo Centre-Forward 11 2 2
33%
49 Suso Right Winger 3 0 2
33%
63 José Campaña Central Midfield 1 0 0
22%
45 Raúl de Tomás Centre-Forward 4 0 0
22%
31 Sergio Canales Attacking Midfield 8 1 0
22%
36 Yéremy Pino Right Winger 7 1 2
22%
50 Jonny Otto Right-Back 3 0 0
11%
No matching quizzes found
Score Distribution
Percent of People with Each Score
Percentile by Number Answered
Your Score History
You have not taken this quiz